Bharat ke pracheen janpadkaleen nagro ka udhbav evam vikas (Record no. 1225387)

MARC details
000 -LEADER
fixed length control field 00667nam a2200217Ia 4500
005 - DATE AND TIME OF LATEST TRANSACTION
control field 20241129104324.0
008 - FIXED-LENGTH DATA ELEMENTS--GENERAL INFORMATION
fixed length control field 241129s9999||||xx |||||||||||||| ||und||
020 ## - INTERNATIONAL STANDARD BOOK NUMBER
International Standard Book Number 9788194891666
037 ## - SOURCE OF ACQUISITION
Stock number Textual
040 ## - CATALOGING SOURCE
Original cataloging agency RTL
Language of cataloging eng
Transcribing agency RTL
041 ## - LANGUAGE CODE
Language code of text/sound track or separate title eng
Source of code eng
084 ## - COLON CLASSIFICATION NUMBER
Classification number X9(J):54.2 R1
Assigning agency RTL
100 ## - MAIN ENTRY--PERSONAL NAME
Personal name Kumar Umesh; Kumar Vinay
9 (RLIN) 725751
245 #0 - TITLE STATEMENT
Title Bharat ke pracheen janpadkaleen nagro ka udhbav evam vikas
Statement of responsibility, etc. Kumar Umesh; Kumar Vinay
260 ## - PUBLICATION, DISTRIBUTION, ETC.
Place of publication, distribution, etc. New Delhi
Name of publisher, distributor, etc. Pathak Publishers
Date of publication, distribution, etc. 2021
300 ## - PHYSICAL DESCRIPTION
Extent ix,79p.
365 ## - TRADE PRICE
Price type code INR
Price amount 495
650 ## - SUBJECT ADDED ENTRY--TOPICAL TERM
Topical term or geographic name entry element Ancient Urban Development
9 (RLIN) 725752
942 ## - ADDED ENTRY ELEMENTS (KOHA)
Koha item type Textbook
Classification part X9(J):54.2 R1
Holdings
Withdrawn status Lost status Damaged status Not for loan Home library Current library Date acquired Source of acquisition Cost, normal purchase price Inventory number Total Checkouts Full call number Barcode Date last seen Price effective from Koha item type
        Ratan Tata Library Ratan Tata Library 2024-11-29 Research India Press 495.00 163 & 06/02/23   X9(J):54.2 R1 RT1584852 2024-11-29 2024-11-29 Textbook
Copyright @ Delhi University Library System